World Series Losers - Statistics

General Stats
  • This quiz has been taken 93 times
  • The average score is 25 of 36
Answer Stats
Hint1980 Answer % Correct
2016 Indians
88%
2015 Mets
88%
2001 Yankees
82%
1996 Braves
78%
2013 Cardinals
76%
2011 Rangers
76%
2014 Royals
76%
2003 Yankees
76%
2000 Mets
75%
2009 Phillies
75%
2010 Rangers
74%
2008 Rays
74%
1999 Braves
72%
2004 Cardinals
72%
2002 Giants
72%
1997 Indians
71%
2007 Rockies
71%
1998 Padres
70%
1993 Phillies
70%
1986 Red Sox
70%
1990 A's
68%
1988 A's
68%
2005 Astros
68%
1995 Indians
68%
2012 Tigers
68%
1992 Braves
67%
1991 Braves
67%
1985 Cardinals
66%
1989 Giants
66%
1987 Cardinals
64%
1981 Yankees
62%
2006 Tigers
61%
1983 Phillies
57%
1980 Royals
57%
1984 Padres
54%
1982 Brewers
50%
No matching quizzes found
Score Distribution
Percent of People with Each Score
Percentile by Number Answered
Your Score History
You have not taken this quiz